[Event "DEM U14 2017"]
[Site "Willingen GER"]
[Date "2017.06.06"]
[Round "4"]
[White "Meric, Geoffrey"]
[Black "Jungandreas, Tillmann"]
[Result "1-0"]
[Termination "normal"]
[Board "21"]
[WhiteElo "1879"]
[BlackElo "1414"]
[PlyCount "71"]
[WhiteFideId "26092891"]
[BlackFideId "16244664"]
[EventCountry "GER"]
[EventRounds "9"]
[EventType "swiss"]
[EventDate "2017.06.03"]

1. e4 e5 2. Nf3 Nc6 3. Bb5 a6 4. Ba4 Nf6 5. d3 d6 6. c3 b5 7. Bc2 Bg4 8. Nbd2
Be7 9. O-O O-O 10. Re1 Qd7 11. Nf1 Nh5 12. h3 Be6 13. Nxe5 Nxe5 14. Qxh5 g6 15.
Qe2 Bxh3 16. gxh3 Qxh3 17. Nh2 f5 18. Qf1 Qh4 19. Qg2 f4 20. Nf3 Qh6 21. d4 Nc4
22. b3 Nb6 23. Bd2 g5 24. Qh2 Qg6 25. Rac1 g4 26. Nh4 g3 27. fxg3 fxg3 28. Qh3
Qh5 29. Qxg3+ Kh8 30. Ng2 Rg8 31. Qh2 Qg4 32. e5 h5 33. Bd1 Qg6 34. Bxh5 Qh7
35. Re3 Rxg2+ 36. Kxg2 1-0

[Event "DEM U14 2017"]
[Site "Willingen GER"]
[Date "2017.06.06"]
[Round "4"]
[White "Biermann, Lenhard"]
[Black "Buller, Ian Joshua"]
[Result "1/2-1/2"]
[Termination "normal"]
[Board "22"]
[WhiteElo "1879"]
[BlackElo "1646"]
[PlyCount "138"]
[WhiteFideId "12970077"]
[BlackFideId "12990655"]
[EventCountry "GER"]
[EventRounds "9"]
[EventType "swiss"]
[EventDate "2017.06.03"]

1. d4 d5 2. Nf3 Nf6 3. c4 e6 4. g3 Be7 5. Bg2 O-O 6. O-O dxc4 7. Qc2 a6 8. Qxc4
b5 9. Qc2 Bb7 10. Bd2 Nbd7 11. Ba5 Rc8 12. Nbd2 Nb6 13. Bxb6 cxb6 14. Qd3 Qc7
15. Rfd1 Rfd8 16. e3 h6 17. Qf1 Bd6 18. Qe1 Qb8 19. e4 Bb4 20. e5 Nh7 21. a3
Be7 22. h4 Qa8 23. Qe3 Bd5 24. Kh2 Rc2 25. Rab1 Rdc8 26. Ne1 R2c7 27. Bxd5 Qxd5
28. Nd3 Rd8 29. Nf3 Nf8 30. Nf4 Qd7 31. Qb3 Rc4 32. Rd3 Ng6 33. Ng2 Qb7 34. h5
Nf8 35. Rbd1 Nh7 36. R1d2 Ng5 37. Nxg5 Bxg5 38. f4 Be7 39. Ne3 Rc1 40. Rd1 Rxd1
41. Qxd1 f6 42. Qb3 Qc8 43. d5 fxe5 44. fxe5 Rf8 45. d6 Bg5 46. Ng2 Rf2 47. Rc3
Qb7 48. Qxe6+ Kh7 49. Qg6+ Kg8 50. Qe8+ Kh7 51. Qc6 Qxc6 52. Rxc6 Re2 53. Rxb6
Rxe5 54. Rxa6 Bd2 55. g4 Rd5 56. b3 Bc3 57. Ne3 Be5+ 58. Kg2 Rd2+ 59. Kf3 Bxd6
60. Nf5 Be5 61. Ke4 Bf6 62. Ra5 Ra2 63. Nd6 Bc3 64. Rxb5 Rxa3 65. Rb7 Ra6 66.
Nf5 Ra8 67. b4 Ra4 68. Kd3 Rxb4 69. Rxb4 Bxb4 1/2-1/2

[Event "DEM U14 2017"]
[Site "Willingen GER"]
[Date "2017.06.06"]
[Round "4"]
[White "Liebold, Aaron"]
[Black "Popist, Florian"]
[Result "1-0"]
[Termination "normal"]
[Board "23"]
[WhiteElo "1746"]
[BlackElo "1820"]
[PlyCount "75"]
[WhiteFideId "12997846"]
[BlackFideId "16203518"]
[EventCountry "GER"]
[EventRounds "9"]
[EventType "swiss"]
[EventDate "2017.06.03"]

1. e4 c5 2. Nf3 e6 3. d4 cxd4 4. Nxd4 a6 5. Bd3 Qc7 6. Qe2 d6 7. c4 Nf6 8. Nc3
Be7 9. O-O Nbd7 10. b3 b6 11. Bb2 Bb7 12. Rac1 O-O 13. Kh1 Nc5 14. Bb1 g6 15.
Rfe1 Rad8 16. f3 Rfe8 17. Qf2 Qb8 18. Rcd1 Ncd7 19. Nc2 Bc6 20. Nb4 Qa8 21.
Nxc6 Qxc6 22. Ne2 Qc7 23. Nc3 Nh5 24. g4 Ng7 25. Qd4 Ne5 26. f4 Bh4 27. Rf1
Nxg4 28. Qxg7+ Kxg7 29. Nd5+ Kf8 30. Nxc7 Re7 31. Nxa6 Ne3 32. Rfe1 Nxd1 33.
Rxd1 f5 34. e5 d5 35. Ba3 Kf7 36. Bxe7 Kxe7 37. Nb4 Rc8 38. cxd5 1-0

[Event "DEM U14 2017"]
[Site "Willingen GER"]
[Date "2017.06.06"]
[Round "4"]
[White "Jeschke, Jan"]
[Black "Lohr, Maximilian"]
[Result "0-1"]
[Termination "normal"]
[Board "24"]
[WhiteElo "1284"]
[BlackElo "1767"]
[PlyCount "54"]
[WhiteFideId "16225430"]
[BlackFideId "12999717"]
[EventCountry "GER"]
[EventRounds "9"]
[EventType "swiss"]
[EventDate "2017.06.03"]

1. e4 g6 2. Nc3 Bg7 3. Bc4 d6 4. d3 e6 5. Nge2 Ne7 6. f4 O-O 7. O-O c5 8. Qe1
Nbc6 9. Qh4 Nd4 10. Nxd4 Bxd4+ 11. Kh1 Bd7 12. Rf3 Bc6 13. Ne2 Bg7 14. Rh3 h5
15. g4 d5 16. exd5 exd5 17. Bb3 c4 18. gxh5 Nf5 19. Qg4 Nh6 20. Qg3 Qe7 21. f5
Nxf5 22. Qg4 cxb3 23. hxg6 fxg6 24. Qxg6 Rf6 25. Qh7+ Kf8 26. Bg5 Qxe2 27. Bxf6
d4+ 0-1